Progressively Harder Math - Statistics

General Stats
  • This quiz has been taken 1,525 times
  • The average score is 25 of 40
Answer Stats
Question Answer % Correct
2 + 2 4
99%
14 - 18 -4
99%
6 + 5 11
98%
16 - 5 11
98%
In 5x + 3 = 7x - 1, what is x? 2
98%
6 + 3 9
97%
10 - 19 -9
97%
75 / 15 5
96%
What is the y-intercept of y = 3x - 5? -5
96%
14 - 4 10
95%
20 + 5 25
95%
Square root of 625 25
95%
Add the past 4 questions answers. 8
92%
Square root of 64 8
92%
8 * 8 64
91%
5 * 12 60
90%
4 * 22 88
90%
Add the past 4 questions answers. 49
87%
In 2x + 3 = 9, what is x? 3
69%
5x + 2(x + 7) = 14x – 7 3
69%
171 / 9 19
60%
1.9 + 2.7 4.6
58%
136 / 4 34
55%
16 + 56.1 72.1
54%
224 / 7 32
52%
94.6 + 82.3 176.9
49%
16.6 + 174.1 190.7
48%
Add the past 4 questions answers. 90
47%
Ok, final question, are you ready? Yes
36%
3*(5+4)^2-100 143
34%
(8 * 4) + (67 + 98) - (3 * 2) 191
32%
Add the past 4 questions answers. 444.3
29%
Square root of 5776 76
29%
61 ^ 2 3721
25%
140 ^ 2 19600
23%
86 ^ 2 7396
20%
Solve for x and y: 2x + 3y = 21 & x - 4y = -17 3 and 5
19%
Multiply the past 2 questions answers. 27313
14%
32 * 247 768
5%
Add the past 4 questions answers. 980
4%
No matching quizzes found
Score Distribution
Percent of People with Each Score
Percentile by Number Answered
Your Score History
You have not taken this quiz